header

Chess pieces (Record no. 189231)

MARC details
000 -LEADER
fixed length control field 01215nam a2200337 a 4500
082 04 - DEWEY DECIMAL CLASSIFICATION NUMBER
Classification number 811/.54
100 1# - MAIN ENTRY--AUTHOR NAME
Personal name Solway, David.
245 10 - TITLE STATEMENT
Title Chess pieces
260 ## - PUBLICATION, DISTRIBUTION, ETC. (IMPRINT)
Place of publication Montreal ;
-- Ithaca [N.Y.] :
Name of publisher McGill-Queen's University Press,
Year of publication 1999.
300 ## - PHYSICAL DESCRIPTION
Number of Pages 79 p.
490 1# - SERIES STATEMENT
Series statement Hugh MacLennan poetry series
500 ## - GENERAL NOTE
General note Poems.
650 #0 - SUBJECT ADDED ENTRY--TOPICAL TERM
Topical Term Chess
856 40 - ELECTRONIC LOCATION AND ACCESS
Uniform Resource Identifier http://site.ebrary.com/lib/rucke/Doc?id=10577937

No items available.

© 2026 Rongo University
Contact us: librarian | system librarian | Rongo university